| 000 | 01091cam a22003497a 4500 | ||
|---|---|---|---|
| 003 | CHAP | ||
| 005 | 20220329135225.0 | ||
| 008 | 971013s1909 r 00010 d | ||
| 010 | _a32893 | ||
| 011 | _a33865 | ||
| 035 | _a37981 | ||
| 040 | _cCHAP | ||
| 090 | _aFolleto 5903 | ||
| 100 | 0 | 0 |
_aLópez Vallejo, Eutimio. _968393 |
| 245 | 1 | 3 | _aEl estro del carnero (Oestrus ovis) |
| 260 |
_aMéxico : _bEstación Agrícola Central, _c1909 |
||
| 300 |
_a12 p. _b: ilus. |
||
| 410 | _aEstación Agrícola Central | ||
| 490 | 0 |
_aBoletín _v; 21 |
|
| 590 |
_aBATCH-UPD _b10 _c20130110 _lUCH01 _h1643 |
||
| 590 |
_aBATCH-UPD _b10 _c20130410 _lUCH01 _h1034 |
||
| 590 |
_aBATCH-UPD _b10 _c20130914 _lUCH01 _h0650 |
||
| 590 |
_aCONVERSION _b10 _c20130109 _lUCH01 _h1318 |
||
| 650 | 1 | 4 |
_aGanado lanar _xParásitos. _945208 |
| 650 | 1 | 4 |
_aOestrus ovis. _982775 |
| 710 | 0 |
_aEstación Agrícola Central. México. _938203 |
|
| 810 | 0 | 0 |
_aEstación Agrícola Central _938201 |
| 830 | 0 |
_aBoletín _v; 21 _913507 |
|
| 901 | _aBK | ||
| 942 | _cFOLL | ||
| 949 |
_aFolleto 5903 _bBC _cBPP _d-86993 _eBPP _i37981 _mD _si |
||
| 999 |
_c32893 _d32893 |
||